| 000 | 00462nam a2200205Ia 4500 | ||
|---|---|---|---|
| 003 | OSt | ||
| 005 | 20260223124540.0 | ||
| 008 | 230711s9999||||xx |||||||||||||| ||und|| | ||
| 020 | _a81-219-0909-0 | ||
| 040 | _cMRSPTU | ||
| 041 | _aENG | ||
| 082 |
_a530 _bAR-P |
||
| 100 | _aArora,C.L | ||
| 245 | 0 | _aB. Sc. Practical Physics | |
| 250 | _a19th Ed. | ||
| 260 |
_c2011 _aNew Delhi _bS.Chand Publishing |
||
| 300 | _a693 | ||
| 650 | _aPhysics | ||
| 942 |
_cBK _2ddc |
||
| 999 |
_c5157 _d5157 |
||